00506nam a2200157Ia 450000500170000000800410001710000350005824500580009325000110015126000260016230000100018865000140019894200070021299900150021995201140023420260328101517.0260328s9999||||xx |||||||||||||| ||und|| aRodríguez Mariño, Tomás  0aCriticas al Urbanismo /cTomás Rodríguez Mariño a1a ed. bLa Rana y el Águila a58 p. aURBANISMO cBK c9444d9444 001040708GENaGPCbGPCcGENd2026-03-28i3286l0o711 R 6183p3286r2026-03-28 15:15:17t1w2026-03-28yBK